| 000 | 01715nam a2200373 i 4500 | ||
|---|---|---|---|
| 003 | EG-ScBUE | ||
| 005 | 20240204141322.0 | ||
| 008 | 170517s2008 su f b 000 00 ara d | ||
| 017 | _a1429 / 18 | ||
| 020 | _a9789960543895 | ||
| 040 |
_aEG-ScBUE _bara _erda _cEG-ScBUE _dEG-ScBUE |
||
| 041 | 1 |
_aara _heng |
|
| 043 | _an-us--- | ||
| 082 | 0 | 4 |
_a973.931092 _bو و د _222 |
| 100 | 1 |
_aوودوارد، بوب، _d1943- _eمؤلف. |
|
| 240 | 1 | 0 |
_aState of denial : bush at war, part III. _lArabic |
| 245 | 1 | 0 |
_aحالة إنكار حرب بوش / _cبوب ودورد ؛ نقلة إلى العربية فاضل جتكر. |
| 250 | _aالطبعة العربية الأولى. | ||
| 264 | 1 |
_aالرياض : _bالعبيكان للنشر، _c2008. |
|
| 300 |
_a640 صفحة ؛ _c24 سم |
||
| 336 |
_2rdacontent _aنص _btxt |
||
| 337 |
_aبدون وسيط _2rdamedia _bn |
||
| 338 |
_aمجلد _bnc _2rdacarrier |
||
| 504 | _aيشتمل على إرجاعات ببليوجرافية. | ||
| 546 | _aالنص باللغة العربية ؛ مترجم من اللغة الإنجليزية. | ||
| 651 | 7 |
_2BUEsh _aالولايات المتحدة الأمريكية _xعلاقات خارجية _zالعراق _yجورج واكر بوش، 2001-2009. |
|
| 651 | 7 |
_2BUEsh _aالعراق _xعلاقات خارجية _zالولايات المتحدة الأمريكية |
|
| 651 | 7 |
_2BUEsh _aالولايات المتحدة الأمريكية _xسياسة وحكومة _yجورج واكر بوش، 2001-2009. |
|
| 651 | 7 |
_2BUEsh _aالعراق _xتاريخ _yالاحتلال الأمريكي، 2003-2011. |
|
| 653 |
_bGGEN _cMay2017 |
||
| 655 | _vReading book | ||
| 700 | 1 |
_aجتكر، فاضل، _eمترجم. |
|
| 942 | _2ddc | ||
| 999 |
_c24890 _d24862 |
||